00886cam a22002293a 45000010005000000030006000050050017000110080041000280400015000690420007000840500007000911000021000982450213001192600029003325060030003615160020003916530077004116530065004886530034005538300028005878560041006153876PGUSA20140828083039.0041203s2004||||xxu|||||s|||||000 | eng d aPGUSAbeng adc 4aDC1 aDu Hausset, Mme.10aMemoirs of the Courts of Louis XV and XVI. — Volume 1 :bBeing secret memoirs of Madame Du Hausset, lady's maid to Madame de Pompadour, and of the Princess Lamballeh[electronic resource] /cMme. Du Hausset bProject Gutenberg,c2004 aPublic domain in the USA. aElectronic text aMarie Antoinette, Queen, consort of Louis XVI, King of France, 1755-1793 aPompadour, Jeanne Antoinette Poisson, marquise de, 1721-1764 aFrance -- Court and courtiers 0aProject Gutenbergv387640uhttp://www.gutenberg.org/ebooks/3876